Größte Länder im Jahre 1800 - Statistiken

Allgemein
  • Dieses Quiz wurde 398 mal gespielt
  • Das Durchschnittsergebnis liegt bei 10 aus 15
Antwortstatistiken
Bevölkerung Land von 1800 % Korrekt
328 000 000 Qing-Dynastie
98%
35 500 000 Russisches Reich
96%
114 500 000 Britisches Reich
93%
38 378 000 Französische Republik
93%
24 710 115 Spanisches Reich
90%
24 779 000 Osmanisches Reich
84%
9 270 000 Portugiesisches Reich
80%
25 689 000 Tokugawa shogunat
78%
23 145 000 Habsburgermonarchie / Österreich - Ungarn
76%
75 000 000 Mogulreich
75%
10 500 000 Königreich Preußen
57%
24 000 000 Heiliges Römisches Reich
38%
9 500 000 Joseon
33%
6 500 000 Annam
15%
6 700 000 Königreich beider Sizilien
14%
Keine übereinstimmenden Quizze gefunden
Verteilung der Resultate
Anzahl Personen mit jedem Resultat
Perzentil nach korrekt beantworteten Fragen
Ihre Resultats-Entwicklung
Sie haben dieses Quiz noch nicht gespielt